Geography Quiz

Random Geography or World Quiz

Google Maps Snippets: Countries Quiz Stats

 Plays Quiz not verified by Sporcle

Support Sporcle.
Go Orange.
Score 0/10 Timer 03:00
4 Plays Today
% Correct
Japan
91.2%
Spain / Morocco / UK
88%
Ireland
85.8%
Russia
82.8%
Chile / Peru / Bolivia
70.3%
Oman / Yemen
64.2%
Mozambique / Madagascar
61.4%
Vanuatu / France
60.1%
Nigeria / Niger
46%
Honduras / Nicaragua
35.6%

You're not logged in!

Compare scores with friends on all Sporcle quizzes.
OR
Log In

From the Vault

Number Déjà vu

by manonthemoon

Didn't we just play this quiz, nah, it couldn't be...
Remove Ads.
Support Sporcle.
Get the best of Sporcle when you Go Orange. This ad-free experience offers more features, more stats, and more fun while also helping to support Sporcle. Thank you for becoming a member.

Show Comments

Extras

Top Quizzes Today


Score Distribution

Your Account Isn't Verified!

In order to create a playlist on Sporcle, you need to verify the email address you used during registration. Go to your Sporcle Settings to finish the process.

Report this User

Report this user for behavior that violates our Community Guidelines.

Details: